[Event "AUT-ch"]
[Site "Voitsberg"]
[Date "1995.??.??"]
[Round "2"]
[White "Schlosser, Michael"]
[Black "Hoelzl, Franz"]
[Result "1-0"]
[WhiteElo "2365"]
[BlackElo "2390"]

1.e4 c5 2.Nf3 d6 3.d4 cxd4 4.Nxd4 Nf6 5.Nc3 a6 6.Be3 e6 7.f3 Be7 8.Qd2 Nc6
9.g4 O-O 10.g5 Nxd4 11.Qxd4 Nd7 12.h4 b5 13.O-O-O Ne5 14.f4 Nc6 15.Qd2 b4
16.Na4 Rb8 17.Kb1 d5 18.exd5 exd5 19.Qxd5 b3 20.axb3 Qe8 21.Bh3 Nb4 22.Qd2 Qb5
23.Nc3 Qa5 24.Bxc8 Rfxc8 25.h5 Rc6 26.Bd4 Rbc8 27.Qe3 Qf5 28.Qxe7 Qxc2+ 29.Ka1 Qxb3
30.Bc5 Nc2+ 31.Kb1 Qb8 32.Rd7  1-0

[Event "Wattens op"]
[Site "Wattens"]
[Date "1995.??.??"]
[Round "?"]
[White "Martic, Mato"]
[Black "Maurer, Jochen"]
[Result "1-0"]
[WhiteElo "1845"]
[BlackElo "1910"]

1.e4 c5 2.Nf3 d6 3.d4 cxd4 4.Nxd4 Nf6 5.Nc3 a6 6.Be3 e5 7.Nb3 Be7 8.Be2 Be6
9.Nd5 Nxd5 10.exd5 Bf5 11.O-O Nd7 12.c4 O-O 13.a4 Bg6 14.a5 f5 15.f4 Bf6
16.fxe5 Bxe5 17.Bd4 Qh4 18.Bxe5 Nxe5 19.Nd4 f4 20.Ra3 Be4 21.Bf3 Bxf3 22.Nxf3 Nxf3+
23.Raxf3 Rae8 24.Qd3 Re1 25.Rh3 Rxf1+ 26.Kxf1 Qf6 27.Qxh7+ Kf7 28.Rb3 Rb8
29.Qe4 Kg8 30.Qe6+ Qxe6 31.dxe6 Kf8 32.Rb6 Ke7 33.Kf2 Rc8 34.Rxb7+ Kxe6 35.b3 Rc5
36.Rxg7 Rxa5 37.Kf3 Rh5 38.h3 Ke5 39.Rf7 Kd4 40.Kxf4 Kc3 41.Rb7 d5 42.cxd5 Rxd5
43.g4 a5 44.g5 Rd4+ 45.Kg3 Rd3+ 46.Kg4 Rd4+ 47.Kh5 Rd5 48.h4  1-0

[Event "Werfen op"]
[Site "Werfen"]
[Date "1995.??.??"]
[Round "4"]
[White "Hertel, Peter"]
[Black "Kilgus, Georg"]
[Result "1-0"]
[WhiteElo "2315"]
[BlackElo "2010"]

1.e4 c5 2.Nf3 d6 3.d4 cxd4 4.Nxd4 Nf6 5.Nc3 a6 6.Be3 Ng4 7.Bc1 Nc6 8.Be2 Qb6
9.Bxg4 Qxd4 10.Be3 Qxd1+ 11.Bxd1 Be6 12.Be2 Rc8 13.O-O-O b5 14.Nd5 f5 15.Bb6 g6
16.Nc7+ Kf7 17.Nxe6 Bh6+ 18.Kb1 Kxe6 19.exf5+ gxf5 20.Rhe1 Kd7 21.Bf3 Rb8
22.Bc5 Kc7 23.Rxe7+ Nxe7 24.Bxd6+ Kb6 25.Bxb8 Rxb8 26.Rd6+ Kc5 27.Rxh6 Nd5
28.Rxh7 Re8 29.a3 Re1+ 30.Ka2 Rf1 31.Rf7 Kd4 32.Rd7  1-0

[Event "Yalta op"]
[Site "Yalta"]
[Date "1995.??.??"]
[Round "4"]
[White "Khmelnitsky, Sergei"]
[Black "Sulipa, Aleksandar"]
[Result "0-1"]
[WhiteElo "2200"]
[BlackElo "2430"]

1.e4 c5 2.Nf3 d6 3.d4 cxd4 4.Nxd4 Nf6 5.Nc3 a6 6.Be3 e5 7.Nb3 Be6 8.Qd2 Be7
9.f3 O-O 10.g4 d5 11.g5 d4 12.gxf6 Bxf6 13.Bxd4 exd4 14.Ne2 Nc6 15.O-O-O Qb6
16.f4 Rfd8 17.Ng3 Rac8 18.Nh5 Nb4 19.Nxf6+ gxf6 20.Qg2+ Kf8 21.Bd3 Nxa2+
22.Kd2 Bxb3 23.cxb3 Qxb3 24.Ke2 Nb4 25.Qh3 Rc2+ 26.Ke1 Nxd3+ 27.Qxd3 Qxb2
28.e5 Rc3 29.Qd2 Re3+ 30.Kf1 Qb5+ 31.Kg1 fxe5  0-1

[Event "EU-ch U16"]
[Site "Zagan"]
[Date "1995.??.??"]
[Round "2"]
[White "Simacek, Pavel"]
[Black "Matikozian, Andranik"]
[Result "1-0"]
[WhiteElo "2210"]
[BlackElo "2300"]

1.e4 c5 2.Nf3 d6 3.d4 cxd4 4.Nxd4 Nf6 5.Nc3 a6 6.Be3 e5 7.Nf3 Be7 8.Bc4 Nc6
9.a4 Na5 10.Ba2 Be6 11.Nd5 Bxd5 12.exd5 b5 13.axb5 axb5 14.Nd2 b4 15.Nc4 Nxc4
16.Bxc4 O-O 17.O-O Qc7 18.Bb3 Ra5 19.Rxa5 Qxa5 20.f4 Nd7 21.Qa1 Qc7 22.Qa4 exf4
23.Bxf4 Qc5+ 24.Kh1 Nf6 25.Qc6 Qd4 26.Qc4 Qxb2 27.Qxb4 Ne8 28.Re1 Qf6 29.h3 Qh4
30.Bd2 Qxb4 31.Bxb4 Bf6 32.Ba4 Be5 33.Bxe8 Rxe8 34.Bxd6 f6 35.c4 Rc8 36.Bxe5 fxe5
37.Re4 Kf7 38.Kg1 Kf6 39.Kf2 Ra8 40.c5 Rd8 41.d6 Ke6 42.Rc4 Kd5 43.Rc2 Ra8
44.Ke2 Rf8 45.Ke3 Rd8 46.Rc1 g6 47.Rc2 Ke6 48.Ke4 Rc8 49.h4 Ra8 50.Rc4 Rc8
51.Rc2 Ra8 52.Rd2 Ra4+ 53.Ke3 Kd7 54.c6+ Kd8 55.Rb2  1-0

[Event "EU-ch U18 Girls"]
[Site "Zagan"]
[Date "1995.??.??"]
[Round "3"]
[White "Lakos, Nikoletta"]
[Black "Andreescu, Nicoleta Aurora"]
[Result "1/2-1/2"]
[WhiteElo "2275"]
[BlackElo "2160"]

1.e4 c5 2.Nf3 d6 3.d4 cxd4 4.Nxd4 Nf6 5.Nc3 a6 6.Be3 e6 7.Qd2 b5 8.f3 Nbd7
9.g4 Nb6 10.Bd3 Bb7 11.O-O-O Rc8 12.Qf2 Nfd7 13.Kb1 Rxc3 14.bxc3 Qc7 15.Bxb5 axb5
16.Nxb5 Qc6 17.Na7 Qxc3 18.Rd3 Qc7 19.Nb5 Qc6 20.Na7 Qc7 21.Nb5 Qc6  1/2-1/2

[Event "EU-ch U16 Girls"]
[Site "Zagan"]
[Date "1995.??.??"]
[Round "3"]
[White "Blimke, Dalia"]
[Black "Zozulia, Anna"]
[Result "1/2-1/2"]
[WhiteElo "2090"]
[BlackElo "2220"]

1.e4 c5 2.Nf3 d6 3.d4 cxd4 4.Nxd4 Nf6 5.Nc3 a6 6.Be3 e5 7.Nb3 Be6 8.f3 Be7
9.Nd5 Nxd5 10.exd5 Bf5 11.Qd2 Nd7 12.Be2 O-O 13.O-O Nf6 14.c4 Rc8 15.Rfd1 b6
16.c5 bxc5 17.Bxa6 Ra8 18.Be2 Qd7 19.Nc1 e4 20.Kh1 exf3 21.Bxf3 Ne4 22.Bxe4 Bxe4
23.Ne2 Bf6 24.Nc3 Rfe8 25.Re1 Bxc3 26.bxc3 c4 27.Bf4 Ra5 28.Qd4 Rxd5 29.Qxc4 Qf5
30.Qf1 Qg4 31.Rab1 g5 32.c4 Rf5 33.Rxe4 Rxe4 34.Rb8+ Kg7 35.Qa1+ Rf6 36.Bxd6 Qe6
37.Bg3 Qxc4 38.Rb1 h5 39.Be5 Rxe5 40.Qxe5 Kg6 41.Rg1 Qxa2 42.Qe4+ Kg7 43.Qe5 Qd2
44.Rf1 Qd6 45.Qxg5+ Rg6 46.Qxh5 Qc6 47.Qf3 Qc4 48.h3 Qc7 49.Qf5 Qe7 50.Qf4 Qe6
51.Qd4+ Kh7 52.Kh2 Kg8 53.Rb1 Qd6+ 54.Qxd6 Rxd6 55.Kg3 Kg7 56.Kf4 Kf6 57.Ke4 Re6+
58.Kd5 Re3  1/2-1/2

[Event "EU-ch U18"]
[Site "Zagan"]
[Date "1995.??.??"]
[Round "7"]
[White "Socko, Bartosz"]
[Black "Rowson, Jonathan"]
[Result "0-1"]
[WhiteElo "2485"]
[BlackElo "2400"]

1.e4 c5 2.Nf3 d6 3.d4 Nf6 4.Nc3 cxd4 5.Nxd4 a6 6.Be3 e5 7.Nb3 Be7 8.f3 Be6
9.Qd2 O-O 10.O-O-O a5 11.Na4 d5 12.Bc5 Nc6 13.Bxe7 Qxe7 14.exd5 Bxd5 15.Bb5 Bxb3
16.axb3 Nd4 17.Nc3 Qb4 18.Bd3 a4 19.Nxa4 Qe7 20.Qe3 b5 21.Nc3 Qa7 22.Kd2 Rad8
23.Rhe1 Rfe8 24.Ra1 Qc7 25.Rec1 h6 26.Ra6 b4 27.Ne4 Nd5 28.Qf2 Nf4 29.Qg3 Nxb3+
30.Ke3 Rxd3+ 31.Kf2 Rd2+  0-1

[Event "EU-ch U16 Girls"]
[Site "Zagan"]
[Date "1995.??.??"]
[Round "8"]
[White "Blimke, Dalia"]
[Black "Iwaniuk, Dorota"]
[Result "0-1"]
[WhiteElo "2090"]
[BlackElo "2090"]

1.e4 c5 2.Nf3 d6 3.d4 cxd4 4.Nxd4 Nf6 5.Nc3 a6 6.Be3 e5 7.Nf3 Qc7 8.a4 Be7
9.a5 Nbd7 10.Nd2 Nc5 11.Be2 O-O 12.O-O Be6 13.Bf3 Rac8 14.Qe2 h6 15.Rfd1 Rfd8
16.Nf1 Ncd7 17.Ng3 Bc4 18.Qd2 b5 19.Nf5 Bf8 20.h3 Be6 21.Qe1 d5 22.Nxd5 Nxd5
23.Rxd5 Bxd5 24.exd5 Qxc2 25.g4 Qxb2 26.d6 Nf6 27.Bb6 Rd7 28.Rd1 g6 29.Ne7+ Bxe7
30.dxe7 Rxe7 31.Qe3 Qc3 32.Qe2 Qc4 33.Qe3 Qf4 34.Qxf4 exf4 35.Bd8 Rd7 36.Rxd7 Nxd7
37.Be7 Rc1+ 38.Kg2 Ra1 39.Bd8 Nc5 40.Bb6 Nb3 41.Bb7 Nxa5 42.Bxa6 Nc4  0-1

[Event "EU-ch U16"]
[Site "Zagan"]
[Date "1995.??.??"]
[Round "10"]
[White "Cyborowski, Lukasz"]
[Black "Matikozian, Andranik"]
[Result "0-1"]
[WhiteElo "2210"]
[BlackElo "2300"]

1.e4 c5 2.Nf3 d6 3.d4 cxd4 4.Nxd4 Nf6 5.Nc3 a6 6.Be3 e6 7.f3 b5 8.Qd2 Bb7
9.g4 Nfd7 10.O-O-O Nb6 11.g5 N8d7 12.Qg2 Be7 13.Rg1 g6 14.Kb1 Rc8 15.Nb3 b4
16.Ne2 Nc4 17.Bc1 Qb6 18.Ng3 a5 19.Bxc4 Rxc4 20.Qe2 Ba6 21.Be3 Qc7 22.Qf2 O-O
23.h4 a4 24.Nc1 Rc8 25.Rg2 Bf8 26.h5 Bg7 27.hxg6 hxg6 28.Rh1 Qa5 29.Qe1 a3
30.Rgh2 axb2 31.Nb3 Qa3  0-1

[Event "Zalakaros op"]
[Site "Zalakaros"]
[Date "1995.??.??"]
[Round "6"]
[White "Kernazhitsky, Leonid"]
[Black "Honsch, Pal"]
[Result "1-0"]
[WhiteElo "2275"]
[BlackElo "2155"]

1.e4 c5 2.Nf3 d6 3.d4 cxd4 4.Nxd4 Nf6 5.Nc3 a6 6.Be3 e5 7.Nb3 Be6 8.f3 Nbd7
9.Qd2 Be7 10.g4 b5 11.g5 Nh5 12.O-O-O Nb6 13.Nd5 Bxd5 14.exd5 O-O 15.Na5 Rc8
16.Nc6 Rxc6 17.dxc6 Qc7 18.Qa5 Nd5 19.Qxc7 Nxc7 20.Rg1 Rc8 21.Bd3 Ne6 22.Be4 Nd8
23.Rd3 b4 24.Rg4 a5 25.Bd5 Nf4 26.Bxf4 exf4 27.h4 Nxc6 28.Rxf4 Ne5 29.Re3 Rf8
30.Rfe4 Bd8 31.f4 Ng4 32.Re2 g6 33.Re8 Kg7 34.Bf3 f5 35.Bd5 h6 36.R8e6 hxg5
37.hxg5 Bb6 38.Re7+ Kh8 39.Re1 Nf2 40.R1e6 Ng4 41.Kd2 Rg8 42.Re1 Nf2 43.Bxg8 Ne4+
44.R7xe4  1-0

[Event "Zaragoza op-A"]
[Site "Zaragoza"]
[Date "1995.??.??"]
[Round "6"]
[White "Apicella, Manuel"]
[Black "Rodriguez Lopez, Rafael"]
[Result "0-1"]
[WhiteElo "2505"]
[BlackElo "2300"]

1.e4 c5 2.Nf3 d6 3.d4 cxd4 4.Nxd4 Nf6 5.Nc3 a6 6.Be3 e5 7.Nb3 Be7 8.f3 Be6
9.Qd2 O-O 10.g4 d5 11.g5 d4 12.gxf6 Bxf6 13.Bf2 Bg5 14.Qd3 dxc3 15.Qxc3 Nd7
16.Rd1 Rc8 17.Qd3 Qf6 18.h4 Bf4 19.Bh3 Bxh3 20.Rxh3 Nb6 21.Qe2 Na4 22.c3 Rfd8
23.Rxd8+ Rxd8 24.Kf1 Qd6 25.Kg2 Qd1 26.Qxd1 Rxd1 27.Rh1 Rxh1 28.Kxh1 Nxb2
29.Nc5 Bd2 30.Nxb7 Nd3 31.Bb6 Bxc3 32.Kg2 f6 33.Kf1 Kf7 34.Nd6+ Kg6 35.Nf5 Nf4
36.a4 Bb4 37.Ne3 Kh5 38.Nd5 Nxd5 39.exd5 Bd6 40.Bf2 g5 41.hxg5 Kxg5 42.Be3+ Kf5
43.Kg2 e4 44.f4 Kg4 45.Kf2 f5 46.Kg2 h5 47.Bf2 h4 48.Be3 h3+  0-1

[Event "Zaragoza op-A"]
[Site "Zaragoza"]
[Date "1995.??.??"]
[Round "8"]
[White "De la Villa Garcia, Jesus Maria"]
[Black "Nedobora, Mikhail"]
[Result "1/2-1/2"]
[WhiteElo "2490"]
[BlackElo "2480"]

1.e4 c5 2.Nf3 d6 3.d4 cxd4 4.Nxd4 Nf6 5.Nc3 a6 6.Be3 e6 7.Qd2 b5 8.f3 Bb7
9.O-O-O Nbd7 10.g4 h6 11.Bd3 b4 12.Nce2 d5 13.exd5 Nxd5 14.Nxe6 fxe6 15.Bg6+ Ke7
16.Nf4 Qa5 17.Kb1 Ne5 18.Qe1 Rc8 19.Bf2 Rc5 20.Qe4 Rb5 21.Rhe1 Nf6 22.Qd4 Bd5
23.Rxe5 Qxa2+ 24.Kc1 Qa1+ 25.Kd2 Qa5 26.Ke2 Bc4+  1/2-1/2

[Event "Andorra"]
[Site "Andorra"]
[Date "1996.??.??"]
[Round "8"]
[White "Vehi Bach, Victor Manuel"]
[Black "Vera, Reynaldo"]
[Result "0-1"]
[WhiteElo "2365"]
[BlackElo "2505"]

1.e4 c5 2.Nf3 d6 3.d4 cxd4 4.Nxd4 Nf6 5.Nc3 a6 6.Be3 e6 7.Be2 Qc7 8.a4 b6
9.f4 Bb7 10.Bf3 Nbd7 11.Qe2 Rc8 12.O-O Qb8 13.Bf2 Be7 14.Kh1 O-O 15.Bh4 Rfe8
16.e5 Bxf3 17.Nxf3 Nd5 18.Nxd5 exd5 19.Bg3 Nc5 20.Rad1 Qb7 21.Nd4 Bf8 22.Qg4 Ne4
23.c3 Rc4 24.exd6 Bxd6 25.Nf5 Bf8 26.Rd4 g6 27.Rfd1 h5 28.Qf3 gxf5 29.Rxd5 Nf6  0-1

[Event "GRE-ch"]
[Site "Athens"]
[Date "1996.??.??"]
[Round "2"]
[White "Kotronias, Vasilios"]
[Black "Vouldis, Angelos"]
[Result "0-1"]
[WhiteElo "2615"]
[BlackElo "2435"]

1.e4 c5 2.Nf3 d6 3.d4 cxd4 4.Nxd4 Nf6 5.Nc3 a6 6.Be3 e6 7.g4 h6 8.f4 Nc6
9.Rg1 Be7 10.Qf3 Nd7 11.O-O-O g5 12.Bc4 gxf4 13.Nxc6 bxc6 14.Bxf4 Qc7 15.Rgf1 Rh7
16.e5 d5 17.Bd3 Rg7 18.Rde1 Bb7 19.Kb1 Qb8 20.Qh3 Bg5 21.Bxg5 Rxg5 22.Qxh6 Rxe5
23.Qh8+ Ke7 24.Qh4+ f6 25.Rxe5 Qxe5 26.Re1 Rh8 27.Bh7 Qf4 28.Ne2 Qe4 29.Qg3 Qxh7
30.Qc7 Qe4 31.Qg3 Kf7 32.Nf4 Qb4 33.g5 e5 34.g6+ Kg8 35.Ng2 Nc5 36.a3 Qd4
37.Qf3 e4 38.Qg4 Kg7 39.Nh4 Bc8 40.Qg3 Qe5 41.Qf2 d4 42.Nf3 Qf5 43.Qg3 Qxf3
44.Qc7+ Nd7 45.Qxc6 Ne5 46.Qd5 Rxh2  0-1

[Event "GRE-chT"]
[Site "Athens"]
[Date "1996.??.??"]
[Round "7"]
[White "Papastavropoulos, Andreas"]
[Black "Dimbas, Dimitrios"]
[Result "1-0"]
[WhiteElo "2245"]
[BlackElo "2060"]

1.e4 c5 2.Nf3 d6 3.d4 cxd4 4.Nxd4 Nf6 5.Nc3 a6 6.Be3 e5 7.Nb3 Be6 8.Bg5 Be7
9.Qd2 Nbd7 10.Be2 Rc8 11.Bxf6 Nxf6 12.Rd1 Qc7 13.O-O O-O 14.Qe3 Rfd8 15.Bf3 b5
16.a3 h6 17.h3 Bf8 18.Rd2 Be7 19.Rdd1 Nd7 20.Bg4 Nb6 21.Qe2 Bxg4 22.hxg4 Bf8
23.Rd3 Na4 24.g5 Nxb2 25.Rh3 Qc4 26.Qf3 Qe6 27.gxh6 g6 28.Rc1 Nc4 29.a4 bxa4
30.Nxa4 d5 31.exd5 Qxd5 32.Qf6 Kh7 33.Nc3 Qe6 34.Qxe6 fxe6 35.Ne4 Kh8 36.Ng5 Rd7
37.Nxe6 Ba3 38.Ra1 Rc6 39.Ng5 Bf8 40.Na5 Nxa5 41.Rxa5 Rf6 42.Ne4 Re6 43.c3  1-0

[Event "AUT-chT2W 9697"]
[Site "Austria"]
[Date "1996.??.??"]
[Round "1"]
[White "Lanka, Zigurds"]
[Black "Stangl, Markus"]
[Result "0-1"]
[WhiteElo "2510"]
[BlackElo "2565"]

1.e4 c5 2.Nf3 d6 3.d4 cxd4 4.Nxd4 Nf6 5.Nc3 a6 6.Be3 e5 7.Nb3 Be6 8.f3 Nbd7
9.g4 b5 10.g5 Nh5 11.Qd2 Be7 12.O-O-O Nb6 13.Nd5 Nxd5 14.exd5 Bd7 15.Kb1 a5
16.Bd3 O-O 17.Rhg1 b4 18.Nc1 f5 19.gxf6 Bxf6 20.Be4 Nf4 21.Nd3 Nh3 22.Rg2 Qe8
23.Rg3 Qh5 24.Qg2 Rf7 25.Rc1 Rb8 26.Qd2 Bh4 27.Rg2 Bf5 28.Qe2 Bg5 29.Qd2 Bxe4
30.fxe4 h6 31.b3 Rbf8 32.Bxg5 Nxg5 33.Qe2 Rf3 34.a3 bxa3 35.Ka2 Qh3 36.Rcg1 a4
37.Nc1 Re3 38.Qc4 axb3+ 39.Nxb3 Rc3 40.Qb4 Rfc8 41.Qxd6 Rxc2+ 42.Rxc2 Rxc2+
43.Kxa3 Qc8 44.Qb6 Nxe4 45.Qe6+ Qxe6 46.dxe6 Rxh2 47.Re1 Rh4 48.Na5 Nc5 49.e7 Ra4+
50.Kb2 Nd3+ 51.Kc3 Kf7 52.Rg1 Ra3+ 53.Kd2 g5 54.Nc4 Rb3 55.Kc2 Nc5 56.Re1 e4
57.Nd6+ Kxe7 58.Nxe4 Rb2+ 59.Kc3 Na4+ 60.Kc4 Kf7 61.Ra1 Nb6+ 62.Kc3 Rh2 63.Kd4 Rh4
64.Rf1+ Ke7 65.Rf5 Nc4 66.Kxc4 Rxe4+  0-1

[Event "AUT-chT9697"]
[Site "Austria"]
[Date "1996.??.??"]
[Round "5"]
[White "Atlas, Valeri"]
[Black "Hoelzl, Franz"]
[Result "1/2-1/2"]
[WhiteElo "2470"]
[BlackElo "2435"]

1.e4 c5 2.Nf3 d6 3.d4 cxd4 4.Nxd4 Nf6 5.Nc3 a6 6.Be3 e5 7.Nf3 Nc6 8.Be2 Be7
9.Bg5 Be6 10.O-O Ng4 11.Qd2 f6 12.Bh4 Qd7 13.Nd5 Bd8 14.Rad1 O-O 15.c3 Rc8
16.Ne1 Nh6 17.Nc2 f5 18.Bxd8 Rcxd8 19.exf5 Nxf5 20.Bg4 Nce7 21.Bxf5 Rxf5
22.Nxe7+ Qxe7 23.Ne3 Rf7 24.Nd5 Qh4 25.b3 h6 26.c4 Kh8 27.a4 b5 28.cxb5 axb5
29.a5 Rdf8 30.Qe3 Bxd5 31.Rxd5 Qb4 32.Qd2 Qxb3 33.Rxd6 e4 34.Rd8 Qa4 35.Rd4 e3  1/2-1/2

[Event "AUT-chT9697"]
[Site "Austria"]
[Date "1996.??.??"]
[Round "6"]
[White "Wittmann, Walter"]
[Black "Krpelan, Wolfgang"]
[Result "1/2-1/2"]
[WhiteElo "2370"]
[BlackElo "2190"]

1.e4 c5 2.Nf3 d6 3.d4 cxd4 4.Nxd4 Nf6 5.Nc3 a6 6.Be3 e5 7.Nf3 Be7 8.Bc4 O-O
9.O-O Bd7 10.Qe2 Bc6 11.Bg5 Nbd7 12.Bxf6 Nxf6 13.Rfd1 Qc8 14.Nd2 b5 15.Bb3 Qb7
16.a3 a5  1/2-1/2

[Event "AUT-chT9596"]
[Site "?"]
[Date "1996.??.??"]
[Round "?"]
[White "Schlosser, Michael"]
[Black "Niedermayr, Horst"]
[Result "1/2-1/2"]
[WhiteElo "2380"]
[BlackElo "2230"]

1.e4 c5 2.Nf3 d6 3.d4 cxd4 4.Nxd4 Nf6 5.Nc3 a6 6.Be3 e6 7.Qd2 b5 8.f3 Bb7
9.g4 h6 10.h4 Nbd7 11.Bd3 Ne5 12.Qg2 b4 13.Nce2 d5 14.g5 hxg5 15.hxg5 Rxh1+
16.Qxh1 dxe4 17.fxe4 Nfd7 18.O-O-O Qc7 19.Kb1 O-O-O 20.Qg1 g6 21.Nb3 Kb8
22.Ned4 Rc8 23.Qf1 Nxd3 24.cxd3 Ne5 25.Bg1 Bd6 26.Qe2 Qd8 27.Qd2 Ka8 28.Qf2 Bb8
29.Nf3 Nxf3 30.Qxf3 Qxg5 31.Qxf7 Qg4 32.Rf1 Rc7 33.Qf2 Qh3 34.Qe2 e5 35.Nd2 Rd7
36.Nc4 Qxd3+ 37.Qxd3 Rxd3 38.Nb6+ Ka7 39.Nc8+ Ka8 40.Nb6+ Ka7 41.Nc8+  1/2-1/2

[Event "AUT-ch"]
[Site "AUT"]
[Date "1996.??.??"]
[Round "1"]
[White "Wittmann, Walter"]
[Black "Schumi, Manfred"]
[Result "1-0"]
[WhiteElo "2370"]
[BlackElo "2245"]

1.e4 c5 2.Nf3 d6 3.d4 cxd4 4.Nxd4 Nf6 5.Nc3 a6 6.Be3 e5 7.Nf3 Be7 8.Bc4 Nc6
9.Nd5 Nxd5 10.Bxd5 Be6 11.c3 O-O 12.O-O Qc8 13.Qd3 Bxd5 14.Qxd5 Qe6 15.Rfd1 Rac8
16.Rd3 Nd8 17.Nd2 g6 18.f3 f5 19.Rd1 Qxd5 20.Rxd5 Ne6 21.c4 Rc6 22.b3 Bg5
23.Bxg5 Nxg5 24.exf5 gxf5 25.Nf1 Rf6 26.Ne3 Kf8 27.f4 Nf7 28.Rf1 exf4 29.Rxf4 Rc5
30.Rdxf5 Rcxf5 31.Rxf5 Kg7 32.Kf2 Rxf5+ 33.Nxf5+ Kf6 34.Nd4 Ne5 35.Ke2 Nd7
36.Ke3 d5 37.cxd5 Ke5 38.g4 Nf6 39.Nf3+ Kxd5 40.Kf4 Ne4 41.Ng5 Nc3 42.Nxh7 Nxa2
43.Kf5 Nb4 44.Nf6+ Kd6 45.h4 Nc6 46.Kg6 Ke6 47.h5 Ne5+ 48.Kg7  1-0

[Event "AUT-ch"]
[Site "AUT"]
[Date "1996.??.??"]
[Round "7"]
[White "Brandstaetter, Friedrich"]
[Black "Schumi, Manfred"]
[Result "0-1"]
[WhiteElo "2115"]
[BlackElo "2245"]

1.e4 c5 2.Nf3 d6 3.d4 cxd4 4.Nxd4 Nf6 5.Nc3 a6 6.Be3 Ng4 7.Bc1 Nf6 8.f4 e5
9.Nf3 Nbd7 10.Bd3 Be7 11.O-O O-O 12.a4 Nc5 13.Kh1 exf4 14.Bxf4 Bg4 15.h3 Bh5
16.Qd2 Rc8 17.Nd4 Bg6 18.Rae1 Re8 19.Re2 d5 20.e5 Nfe4 21.Nxe4 dxe4 22.Bc4 Nxa4
23.Ba2 Nxb2 24.c3 Nc4 25.Qe1 Bg5 26.Qg3 Bxf4 27.Qxf4 Nxe5 28.Nf5 Qd7 29.Rxe4 Rc5
30.Rd4 Qc7 31.Nd6 Rf8 32.Rfd1 b5 33.Nf5 Nc4 34.Qxc7 Rxc7 35.Bxc4 Bxf5 36.Ba2 h6
37.Rd6 Rxc3 38.Rxa6 Be4 39.Kg1 Rc2 40.Bd5 Rxg2+ 41.Kf1 Bxd5 42.Rxd5 Rb2 43.Rb6 Ra8  0-1

[Event "Balatonbereny op"]
[Site "Balatonbereny"]
[Date "1996.??.??"]
[Round "1"]
[White "Szalanczy, Emil"]
[Black "Das, Dipanjan"]
[Result "1-0"]
[WhiteElo "2415"]
[BlackElo "2160"]

1.e4 c5 2.Nf3 d6 3.d4 cxd4 4.Nxd4 Nf6 5.Nc3 a6 6.Be3 e6 7.g4 h6 8.Qe2 e5
9.Nf5 g6 10.Bg2 gxf5 11.exf5 Rg8 12.h3 Qc7 13.O-O-O Bxf5 14.Qf3 Bxg4 15.hxg4 Nxg4
16.Nd5 Qc6 17.Qxg4  1-0

[Event "Balatonbereny op"]
[Site "Balatonbereny"]
[Date "1996.??.??"]
[Round "5"]
[White "Turzo, Attila"]
[Black "Das, Dipanjan"]
[Result "1-0"]
[WhiteElo "2360"]
[BlackElo "2160"]

1.e4 c5 2.Nf3 d6 3.d4 cxd4 4.Nxd4 Nf6 5.Nc3 a6 6.Be3 e5 7.Nf3 Be7 8.Bc4 O-O
9.O-O Be6 10.Qd3 Bxc4 11.Qxc4 b5 12.Qd3 Nbd7 13.Rfd1 Rc8 14.a3 Nc5 15.Bxc5 Rxc5
16.Nd2 Qa8 17.Nf1 Rc4 18.Ne3 Rd4 19.Qe2 Nxe4 20.Nf5 Bf6 21.Nxd4 Nxc3 22.bxc3 exd4
23.a4 b4 24.cxb4 d3 25.Qxd3 Bxa1 26.Rxa1 Re8 27.h3 d5 28.Rd1 Qc6 29.b5 axb5
30.axb5 Qd6 31.Qxd5  1-0

[Event "Balatonbereny"]
[Site "Balatonbereny"]
[Date "1996.??.??"]
[Round "8"]
[White "Sax, Gyula"]
[Black "Stangl, Markus"]
[Result "1-0"]
[WhiteElo "2560"]
[BlackElo "2565"]

1.e4 c5 2.Nf3 d6 3.d4 cxd4 4.Nxd4 Nf6 5.Nc3 a6 6.Be3 e5 7.Nb3 Be7 8.f3 Be6
9.Qd2 O-O 10.O-O-O a5 11.Bb5 Nc6 12.Kb1 Qb8 13.Nd5 Bxd5 14.exd5 Nb4 15.c4 b6
16.g4 Ra7 17.a3 Na6 18.Nxa5 bxa5 19.Bxa7 Qxa7 20.Qxa5 Ra8 21.Qxa6 Qxa6 22.Bxa6 Rxa6
23.Ka2 Nd7 24.b4 Kf8 25.Kb3 Nb6 26.Rc1 Ra8 27.Rhd1 Rb8 28.c5 dxc5 29.d6 Bg5
30.Rxc5 Nd7 31.Rc7 Ke8 32.a4 Bd8 33.a5 g6 34.Rdc1 f5 35.gxf5 gxf5 36.Rc8 e4
37.fxe4 fxe4 38.a6 Rxc8 39.Rxc8 Nb6 40.a7 e3 41.Kc2  1-0

[Event "Lee Cup"]
[Site "Beijing"]
[Date "1996.??.??"]
[Round "3"]
[White "Wang Zili"]
[Black "Wang Rui"]
[Result "1-0"]
[WhiteElo "2535"]
[BlackElo "2410"]

1.e4 c5 2.Nf3 d6 3.d4 cxd4 4.Nxd4 Nf6 5.Nc3 a6 6.Be3 e6 7.g4 e5 8.Nf5 g6
9.g5 gxf5 10.exf5 d5 11.gxf6 d4 12.Bc4 Qxf6 13.Nd5 Qc6 14.Bxd4 Bb4+ 15.c3 Qxc4
16.Be3 Ba5 17.Nf6+ Ke7 18.Bg5 Rd8 19.Ne4+ Kf8 20.Bh6+ Ke7 21.Qg4 Rd4 22.f3 Nc6
23.Bd2 Rxe4+ 24.fxe4 Kd6 25.Rg1 Kc7 26.Qe2 Qxe2+ 27.Kxe2 Bd7 28.Rg7 h5 29.Rxf7 Rg8
30.Kf3 Kc8 31.Rh7 Bb6 32.Rd1 Be8 33.Be3 Bxe3 34.Kxe3 Nd8 35.Rd6 Nf7 36.Rg6 Rf8
37.Rf6 Kd8 38.Rxh5 Bd7 39.Rh7 Ke7 40.Rg6 Rd8 41.b3 Be8 42.Rg8 a5 43.h4 Rd6
44.h5 a4 45.Rg6 Rd8 46.Rhg7 axb3 47.axb3 Rd1 48.h6 Rh1 49.h7 Bd7 50.c4 Kf8
51.Rg8+ Ke7 52.R6g7  1-0

[Event "Lee Cup"]
[Site "Beijing"]
[Date "1996.??.??"]
[Round "6"]
[White "Peng Xiaomin"]
[Black "Li Shilong"]
[Result "1-0"]
[WhiteElo "2490"]
[BlackElo "2340"]

1.e4 c5 2.Nf3 d6 3.d4 cxd4 4.Nxd4 Nf6 5.Nc3 a6 6.Be3 e6 7.a4 Nc6 8.g3 Be7
9.Bg2 Bd7 10.O-O O-O 11.Nxc6 Bxc6 12.a5 Qc7 13.Bb6 Qc8 14.Re1 Nd7 15.Bd4 Re8
16.Na4 Qc7 17.Nb6 Nxb6 18.Bxb6 Qd7 19.c4 Bf6 20.Qd2 e5 21.Rad1 Qe6 22.b3 Be7
23.h4 Rf8 24.Re3 Qg6 25.Bc7 f5 26.exf5 Qxf5 27.Qe2 Bxg2 28.Kxg2 Qd7 29.Rxe5 Qc6+
30.Re4 Rae8 31.Bb6 Bd8 32.f3 Bxb6 33.axb6 Kf7 34.Rd5 g6 35.Qe3 Rxe4 36.fxe4 Kg8
37.Qd4 Re8 38.Rxd6 Qxe4+ 39.Qxe4 Rxe4 40.Rd7 Re2+ 41.Kh3  1-0

[Event "Tan Cup"]
[Site "Beijing"]
[Date "1996.??.??"]
[Round "8"]
[White "Wang Zili"]
[Black "Stohl, Igor"]
[Result "1/2-1/2"]
[WhiteElo "2535"]
[BlackElo "2560"]

1.e4 c5 2.Nf3 d6 3.d4 cxd4 4.Nxd4 Nf6 5.Nc3 a6 6.Be3 e6 7.g4 e5 8.Nf5 g6
9.g5 gxf5 10.exf5 d5 11.gxf6 d4 12.Bc4 Qc7 13.Qe2 dxc3 14.O-O-O Bxf5 15.Rhg1 Nd7
16.Rg5 Bg6 17.f4 O-O-O 18.f5 Bh6 19.fxg6 Bxg5 20.Bxg5 Qb6 21.bxc3 hxg6 22.Bxf7 Nxf6
23.Rf1 Nd7 24.Bxd8 Rxd8 25.Rd1 Qf6 26.Qc4+ Kb8 27.Qd5 Rf8 28.Bxg6 Qxg6 29.Qxd7 Rf2
30.Rd2  1/2-1/2

[Event "Lee Cup"]
[Site "Beijing"]
[Date "1996.??.??"]
[Round "10"]
[White "Wang Zili"]
[Black "Szekely, Peter"]
[Result "1/2-1/2"]
[WhiteElo "2535"]
[BlackElo "2455"]

1.e4 c5 2.Nf3 d6 3.d4 cxd4 4.Nxd4 Nf6 5.Nc3 a6 6.Be3 Ng4 7.Bg5 h6 8.Bh4 g5
9.Bg3 Bg7 10.Qd2 Nc6 11.Nb3 Nge5 12.f3 Na5 13.Bf2 Nec4 14.Qc1 Be6 15.Nd4 Rc8
16.Be2 Qc7 17.Nd1 d5 18.Nxe6 fxe6 19.O-O dxe4 20.b4 Nd6 21.fxe4 Qxc2 22.Qxc2 Rxc2
23.Bh5+ Kd7 24.Rb1 Nac4 25.Re1 Nd2 26.Ne3 Rxa2 27.Rbd1 N2xe4 28.Ng4 Nxf2
29.Nxf2 Bc3  1/2-1/2

[Event "Benasque op"]
[Site "Benasque"]
[Date "1996.??.??"]
[Round "1"]
[White "De la Villa Garcia, Jesus Maria"]
[Black "Pujos, Stephane"]
[Result "1-0"]
[WhiteElo "2495"]
[BlackElo "2060"]

1.e4 c5 2.Nf3 d6 3.d4 cxd4 4.Nxd4 Nf6 5.Nc3 a6 6.Be3 Ng4 7.Bg5 h6 8.Bh4 g5
9.Bg3 Bg7 10.Be2 h5 11.h4 gxh4 12.Rxh4 Nc6 13.Nb3 Be6 14.Qd2 Bf6 15.Rh1 h4
16.Bf4 Bxc3 17.Qxc3 f6 18.f3 Nge5 19.O-O-O Qc8 20.Kb1 Ng6 21.Be3 b5 22.f4 Bd7
23.Bf3 a5 24.Nd4 b4 25.Qd3 Nxd4 26.Qxd4 Rb8 27.Rc1 Qc7 28.Qd1 e5 29.Bh5  1-0

[Event "Benasque op"]
[Site "Benasque"]
[Date "1996.??.??"]
[Round "4"]
[White "Oms Pallise, Josep"]
[Black "Lalic, Bogdan"]
[Result "0-1"]
[WhiteElo "2395"]
[BlackElo "2565"]

1.e4 c5 2.Nf3 d6 3.d4 cxd4 4.Nxd4 Nf6 5.Nc3 a6 6.Be3 e5 7.Nb3 Be7 8.Be2 Be6
9.f4 exf4 10.Bxf4 Nc6 11.Qd2 d5 12.exd5 Nxd5 13.Nxd5 Qxd5 14.O-O-O Nb4 15.Bf3 Qc4
16.Be2 Nxa2+ 17.Kb1 Qa4 18.Qd4 Nb4 19.Qxg7 Rf8 20.Bc4 Rc8 21.Rd4 Bxc4 22.Bd6 Bxb3  0-1

[Event "Bern Cup"]
[Site "Bern"]
[Date "1996.??.??"]
[Round "2"]
[White "Fejzullahu, Afrim"]
[Black "Gallagher, Joseph G"]
[Result "1/2-1/2"]
[WhiteElo "2265"]
[BlackElo "2525"]

1.e4 c5 2.Nf3 d6 3.d4 cxd4 4.Nxd4 Nf6 5.Nc3 a6 6.Be3 e5 7.Nb3 Be6 8.Be2 Be7
9.O-O O-O 10.f4 exf4 11.Bxf4 Nc6 12.Kh1 Rc8 13.Bd3 Ne5 14.Nd5 Nxd5 15.exd5 Bg4
16.Qd2 Bf6 17.c3 Re8 18.Nd4 Nxd3 19.Qxd3 Bxd4 20.Qxd4 Be2 21.Rfe1 Rc4 22.Qf2 Rce4
23.Qg3 h5 24.Bg5 Qd7 25.h3 Kh7 26.Qf2 f6 27.Bd2 Kg8 28.b3 R8e5 29.c4 Kf7
30.Bc3 Re8 31.Kg1 b5 32.cxb5 Qxb5 33.Rac1 Qxd5 34.Bb2 R8e7 35.Rc2 Qd3 36.Rec1 Qd5
37.Rc7 Bb5 38.Rxe7+ Rxe7 39.Re1 Rxe1+ 40.Qxe1 Bc6 41.Qe2 Bb7 42.Kh2 Qf5 43.Qd2 Qe4
44.Qf2 Ke6 45.Bc3 Kf7 46.Bb2 Bd5 47.Qa7+ Ke6 48.Qxg7  1/2-1/2